| 000 | 01140cab a2200445 4500 | ||
|---|---|---|---|
| 001 | ABS58272 | ||
| 008 | 090401t1998 xxu||||| |||| 00| 0 eng d | ||
| 035 | _a(Sirsi) u84288 | ||
| 041 | _aeng | ||
| 245 | _aFocus`98: Surrey | ||
| 260 | _c1998 | ||
| 350 | _a0 | ||
| 490 |
_aEstates Gazette _v(9806) 7 February 1998, 89-129(15) |
||
| 650 | _aADDLESTONE | ||
| 650 | _aCAMBERLEY | ||
| 650 | _aCHERTSEY | ||
| 650 | _aCOBHAM | ||
| 650 | _aCROYDON | ||
| 650 | _aEGHAM | ||
| 650 | _aEPSOM | ||
| 650 | _aGUILDFORD | ||
| 650 | _aINDUSTRIAL MARKET | ||
| 650 | _aKINGSTON | ||
| 650 | _aM3 CORRIDOR | ||
| 650 | _aPROPERTY-COMMERCIAL PROPERTY-OFFICE PROPERTY-OFFICE PROPERTY MARKET | ||
| 650 | _aRAIL LINK | ||
| 650 | _aREDHILL | ||
| 650 | _aREIGATE | ||
| 650 | _aRESIDENTIAL MARKET | ||
| 650 | _aPROPERTY-COMMERCIAL PROPERTY-RETAIL PROPERTY-RETAIL PROPERTY MARKET | ||
| 650 | _aRICHMOND | ||
| 650 | _aSTAINES | ||
| 650 | _aSURREY | ||
| 650 | _aSUTTON | ||
| 650 | _aWEYBRIDGE | ||
| 650 | _aWOKING | ||
| 690 | _aPROPERTY-COMMERCIAL PROPERTY-COMMERCIAL PROPERTY MARKET | ||
| 942 | _n0 | ||
| 948 | _c17/02/1998 | ||
| 999 |
_c52962 _d52962 |
||